000 00826nam a22001937a 4500
999 _c9479
_d9479
003 AR-CdUCM
008 190328b ||||| |||| 00| 0 spa d
040 _aMUNICIPALIDAD PROVINCIAL DEL CUSCO
_cBIBLIOTECA MUNICIPAL DEL CUSCO
082 _a465 /
_bP44 / 1940
100 _aPerez Martinez, Isidro
_925696
245 _aAnálisis gramatical teórico y práctico :
_bde acuerdo con los principios y las ultimas reformas de la academia española /
260 _aLa Habana :
_bCultural,
_c1940.
300 _a264 páginas ;
_c19 cm.
505 _aContenido : Concepto del análisis gramatical. Sus clases -- Análisis morfologico -- Análisis sintáctico -- Análisis prosódico -- Análisis ortográfico -- Vocabulario.
650 _aGramática
_99175
650 _aLengua española
_91124
942 _2ddc
_cLIBROS
945 _azta